000 01101nam a2200229Ia 4500
003 OSt
005 20200727192725.0
008 191128s1996 ck ad fr 000 0 spa d
040 _aCO-JMCR
_cCO-JMCR
041 0 _aspa
082 0 4 _a339.522 /
_bV868g
_223
100 1 _aVélez, Carlos Eduardo,
_eautor
_97917
245 1 0 _aGasto social y desigualdad :
_blogros y extravíos : estudio de la incidencia del gasto público social en Colombia /
_cCarlos Eduardo Vélez
250 _aPrimera edición
260 _aBogotá :
_bDepartamento Nacional de Planeación,
_c1996
300 _axl, 442 páginas :
_bgráficos a blanco y negro ;
_c23 cm.
505 0 _aLa importancia del gasto social, principales resultados y conclusiones -- La magnitud de la evolución del gasto público social en Colombia -- El efecto redistribuido del gasto público social -- La distribución de los servicios de educación, salud y cuidad
650 1 4 _aPolítica de gastos públicos
_zColombia
_97918
650 1 4 _aInversiones públicas
_zColombia
_97919
650 1 4 _aDesarrollo social
_zColombia
_97920
942 _2ddc
_cBK
999 _c4042
_d4042